| 000 | 00857cam a22002773a 4500 | ||
|---|---|---|---|
| 001 | 23756 | ||
| 003 | PGUSA | ||
| 005 | 20140828083515.0 | ||
| 008 | 071206s2007||||xxu|||||s|||||000 | eng d | ||
| 040 |
_aPGUSA _beng |
||
| 042 | _adc | ||
| 050 | 4 | _aCT | |
| 050 | 4 | _aDF | |
| 100 | 1 |
_aDroysen, Johann Gustav, _d1808-1884 |
|
| 245 | 1 | 0 |
_aGeschichte Alexanders des Grossen _h[electronic resource] / _cJohann Gustav Droysen |
| 260 |
_bProject Gutenberg, _c2007 |
||
| 506 | _aPublic domain in the USA. | ||
| 516 | _aElectronic text | ||
| 653 | _aStatesmen -- Greece -- Biography | ||
| 653 | _aGreece -- History -- Macedonian Expansion, 359-323 B.C. | ||
| 653 | _aAlexander, the Great, 356-323 B.C. | ||
| 653 | _aGenerals -- Greece -- Biography | ||
| 830 | 0 |
_aProject Gutenberg _v23756 |
|
| 856 | 4 | 0 | _uhttp://www.gutenberg.org/ebooks/23756 |
| 942 | _cEB | ||
| 999 |
_c253011 _d253011 |
||